00629cam a22002171 4500001001300000003000400013005001700017008004100034010001700075035002000092040001800112042001200130050001800142110010600160245004700266260001000313300002600323500001500349650003000364999001700394ne 65001197 DLC20260227111814.0890522s1964 xx a 000 0 ara  ane 65001197  a(OCoLC)23509594 aDLCcMiUdDLC apremarc00aLC5058.E3bM82 aIttiḥād al-Ishtirākī al-ʻArabī (Egypt).bMuʼassasah al-Thaqāfīyah al-ʻUmmālīyah.13aal-Khuṭṭah al-ʻāmmah lil-barāmij. c1964. a45 p.billus.c24 cm. aRomanized. 0aWorking classxEducation. c48182d48182